000
00334 a2200157 4500
001
60322
020
_a
8508099207
040
_c
Anchieta - Pituba
100
_a
Seriacopi, Reinaldo
240
1
0
_a
História
_l
por
245
1
0
_a
História
300
_a
592
362
0
_a
2005
650
4
_a
Pré-história no Brasil Geral
942
_c
BK
999
_c
60322
_d
60322